000 00592nam a2200193Ia 4500
999 _c49207
_d49207
003 GCL
005 20240530104619.0
008 140319s9999 xx 000 0 ara d
040 _aGCL /
_cGCL
082 0 4 _a001
_bل ا
100 1 _aليوكوم ، اركادى
245 1 0 _aاخبرنى لماذا ? /
_cليوكوم ، اركادى
300 _aمتعدد
490 _aالموسوعة العلمية لكل الاعمار
_v0
650 0 4 _aالمعارف العامة
650 0 4 _aالمعرفة - نظريات
700 1 _aرشا القوتلى
_eمترجم
942 _2ddc
_cBK